000 00826nam a2200253Ia 4500
003 OSt
005 20220923225026.0
006 a|||||r|||| 00| 0
007 ta
008 220922b |||||||| |||| 00| 0 hin d
024 _a255,324
037 _cTextual
040 _aARTS
_cARTS
_bhin
041 _2hin
_ahin
082 _aO152,3M99,KN, K5
100 _aवाजपेयी, भगवती प्रसाद
_9157573
245 0 _aकपर निद्रा
246 _aKapar nidrā
260 _aदिल्ली
_b नवयुग प्रकाशन
_c1965
300 _a220पृ.
_ccm.
650 _aहिन्दी साहित्य
_9156264
942 _hO152,3M99,KN, K5
_cTEXL
_2CC
999 _c375469
_d375469